| 000 | 00812nam a2200289Ia 4500 | ||
|---|---|---|---|
| 001 | Z_1772 | ||
| 003 | CHAP | ||
| 008 | 220113s1992 xx 000 0 und d | ||
| 010 | _a164863 | ||
| 020 | _a84-7003-326-3 (Aedos) \ 84-7114-389-5 (Mundi-Prensa) | ||
| 040 | _cCHAP | ||
| 082 | _a636.4 D39 | ||
| 100 |
_aDaza Andrada, Argimiro _931350 |
||
| 245 |
_aManejo de la reproducción en el ganado porcino / _cArgimiro Daza Andrada |
||
| 260 |
_aEspaña : _bAedos; Mundi-Prensa, _c1992 |
||
| 300 | _a160 p. : | ||
| 503 | _aC/E, 179400-01, 179391, ej.5: ? | ||
| 504 | _aBibliografía: p. 157 - 160 | ||
| 650 |
_aGanado porcino _xEspaña _945363 |
||
| 650 |
_aGanado porcino _xreproducción _945403 |
||
| 901 | _a636.4 D39 | ||
| 902 | _aM | ||
| 910 | _a1992 | ||
| 942 | _c1 | ||
| 942 | _cc1 | ||
| 999 |
_c164863 _d164863 |
||